Planning Democracy (Record no. 12453)
[ view plain ]
| 000 -LEADER | |
|---|---|
| fixed length control field | 00260nam a22000977a 4500 |
| 008 - FIXED-LENGTH DATA ELEMENTS--GENERAL INFORMATION | |
| fixed length control field | 231013b |||||||| |||| 00| 0 eng d |
| 020 ## - INTERNATIONAL STANDARD BOOK NUMBER | |
| International Standard Book Number | 9780670095926 |
| 100 ## - MAIN ENTRY--PERSONAL NAME | |
| Personal name | Nikhil Menon |
| 9 (RLIN) | 7719 |
| 245 ## - TITLE STATEMENT | |
| Title | Planning Democracy |
| 260 ## - PUBLICATION, DISTRIBUTION, ETC. (IMPRINT) | |
| Place of publication, distribution, etc. | Penguin Random House |
| Name of publisher, distributor, etc. | Haryana |
| Date of publication, distribution, etc. | 2022 |
| Withdrawn status | Lost status | Source of classification or shelving scheme | Damaged status | Koha normalized classification for sorting | Not for loan | Home library | Current library | Shelving location | Date acquired | Total Checkouts | Full call number | Barcode | Date last seen | Price effective from | Koha item type |
|---|---|---|---|---|---|---|---|---|---|---|---|---|---|---|---|
| Dewey Decimal Classification | MEN_900_000000000000000 | Good Samaritan School Library | Good Samaritan School Library | History | 10/13/2023 | MEN900 | MEN17538 | 10/13/2023 | 10/13/2023 | BOOK |